[Event "Asia-ch"]
[Site "Dubai"]
[Date "1996.??.??"]
[Round "?"]
[White "Zilberman, Nathan R"]
[Black "Pavanasam, Ananchaperumal"]
[Result "1-0"]
[WhiteElo "2410"]
[BlackElo "2270"]
[PlyCount "89"]
[EventDate "1996.??.??"]
[EventType "swiss"]
[EventRounds "9"]
[EventCountry "UAE"]
[SourceTitle "EXT 1999"]
[Source "ChessBase"]
[SourceDate "1998.11.16"]
[SourceVersion "1"]
[SourceVersionDate "1998.11.16"]
[SourceQuality "1"]

1. Nf3 d5 2. g3 c6 3. Bg2 Bf5 4. d3 Nf6 5. 0-0 e6 6. c4 dxc4 7. dxc4 Qxd1 8. Rxd1 Nbd7 9. Nc3 Ne4 10. Nxe4 Bxe4 11. Rxd7 Bxf3 12. Rc7 Bxe2 13. Be3 Bxc4 14. Rxc6 bxc6 15. Bxc6+ Kd8 16. Bxa8 Bd6 17. b3 Ke7 18. Be4 f5 19. Bxf5 exf5 20. bxc4 Rc8 21. Bxa7 Rxc4 22. a4 f4 23. Kg2 fxg3 24. hxg3 h5 25. a5 h4 26. gxh4 Rxh4 27. a6 Rh8 28. Bd4 Kf7 29. a7 Ra8 30. Kf3 Ke6 31. Ke4 g5 32. Ra6 Kd7 33. Kd5 Be7 34. Be5 Bd8 35. Bb8 Bc7 36. Rg6 Bxb8 37. Rg7+ Kd8 38. Rg8+ Kc7 39. axb8Q+ Rxb8 40. Rxb8 Kxb8 41. Ke5 Kc8 42. Kf5 Kd7 43. Kxg5 Ke7 44. f4 Kf7 45. Kf5 1-0

[Event "Goodricke op 04th"]
[Site "Kolkata"]
[Date "1993.??.??"]
[Round "8"]
[White "Shetty, Rahul"]
[Black "Pavanasam, Ananchaperumal"]
[Result "1-0"]
[WhiteElo "2390"]
[BlackElo "2315"]
[PlyCount "83"]
[EventDate "1993.02.??"]
[EventType "swiss"]
[EventRounds "11"]
[EventCountry "IND"]
[SourceTitle "EXT 1998"]
[Source "ChessBase"]
[SourceDate "1997.11.17"]
[SourceVersion "1"]
[SourceVersionDate "1997.11.17"]
[SourceQuality "1"]

1. e4 c5 2. Nf3 Nc6 3. d4 cxd4 4. Nxd4 Nf6 5. Nc3 e5 6. Ndb5 h6 7. Nd5 Nxd5 8. exd5 a6 9. dxc6 axb5 10. cxd7+ Bxd7 11. Bd3 Bc5 12. 0-0 0-0 13. Qe2 Qc7 14. Bxb5 Bxb5 15. Qxb5 Rfd8 16. c3 Ra6 17. Qe2 Rad6 18. b4 Ba7 19. c4 Bd4 20. Rb1 Ra6 21. Rb3 f5 22. a3 f4 23. c5 Qf7 24. Rd3 Rg6 25. Kh1 Ra8 26. Qe4 Rf6 27. Rfd1 Rf8 28. Qe2 Qg6 29. f3 Rf5 30. Bb2 Be3 31. Rd8 Rh5 32. Rxf8+ Kxf8 33. h3 Qg3 34. Qf1 Ke7 35. Rd5 Ke6 36. Rd6+ Ke7 37. Rb6 Bf2 38. Rxb7+ Kf8 39. Rb8+ Ke7 40. Rb7+ Kf8 41. Rd7 e4 42. Bxg7+ 1-0

[Event "Goodricke op 03rd"]
[Site "Kolkata"]
[Date "1992.??.??"]
[Round "7"]
[White "Pavanasam, Ananchaperumal"]
[Black "Imocha, Laisram"]
[Result "0-1"]
[WhiteElo "2260"]
[BlackElo "2225"]
[PlyCount "79"]
[EventDate "1992.01.??"]
[EventType "swiss"]
[EventRounds "11"]
[EventCountry "IND"]
[SourceTitle "CBM 027 Extra"]
[Source "ChessBase"]
[SourceDate "1992.05.01"]
[SourceVersion "1"]
[SourceVersionDate "1992.05.01"]
[SourceQuality "1"]

1. Nf3 Nf6 2. g3 g6 3. Bg2 Bg7 4. c4 d6 5. d4 0-0 6. 0-0 Nbd7 7. Nc3 c6 8. e4 e5 9. h3 exd4 10. Nxd4 Nc5 11. Be3 Re8 12. Qc2 Qe7 13. Rfe1 a5 14. Rad1 Nfd7 15. f4 Nf8 16. Qd2 Bd7 17. Bf2 Rad8 18. Nb3 a4 19. Nd4 Bc8 20. Qc2 Bd7 21. Kh2 h5 22. Rd2 Nfe6 23. Red1 h4 24. Nxe6 hxg3+ 25. Bxg3 Bxe6 26. Nxa4 Nxa4 27. Qxa4 Ra8 28. Qb4 Rxa2 29. b3 c5 30. Qb5 Rea8 31. Rxd6 Bd4 32. e5 Kg7 33. R1xd4 cxd4 34. f5 Qg5 35. Qxb7 Qxf5 36. Rxe6 Qxe6 37. Qe4 Rh8 38. Kg1 Rxh3 39. Bxh3 Qxh3 40. Qf3 0-1

[Event "Goodricke op 03rd"]
[Site "Kolkata"]
[Date "1992.??.??"]
[Round "1"]
[White "Pavanasam, Ananchaperumal"]
[Black "Norwood, David"]
[Result "0-1"]
[WhiteElo "2260"]
[BlackElo "2495"]
[PlyCount "63"]
[EventDate "1992.01.??"]
[EventType "swiss"]
[EventRounds "11"]
[EventCountry "IND"]
[SourceTitle "CBM 027 Extra"]
[Source "ChessBase"]
[SourceDate "1992.05.01"]
[SourceVersion "1"]
[SourceVersionDate "1992.05.01"]
[SourceQuality "1"]

1. Nf3 g6 2. g3 Bg7 3. d4 c5 4. Bg2 cxd4 5. Nxd4 Nc6 6. c3 d5 7. Nc2 Nf6 8. Nd2 0-0 9. 0-0 e5 10. b3 Be6 11. Bb2 Qb6 12. h3 Rfd8 13. Kh2 a5 14. Ne1 e4 15. f4 d4 16. c4 e3 17. Ne4 Nxe4 18. Bxe4 d3 19. exd3 Bxb2 20. Rb1 Bg7 21. Ng2 Nb4 22. f5 gxf5 23. Bxf5 Bxf5 24. Rxf5 Nxd3 25. Qe2 Nb4 26. a3 Rd2 27. Qh5 Nd3 28. Qxf7+ Kh8 29. Rg5 Qf6 30. Qxf6 Bxf6 31. Rd5 e2 32. Nf4 0-1

[Event "Goodricke op 03rd"]
[Site "Kolkata"]
[Date "1992.??.??"]
[Round "5"]
[White "Pavanasam, Ananchaperumal"]
[Black "Vijayakumar, G."]
[Result "1-0"]
[WhiteElo "2260"]
[BlackElo "2310"]
[PlyCount "59"]
[EventDate "1992.01.??"]
[EventType "swiss"]
[EventRounds "11"]
[EventCountry "IND"]
[SourceTitle "CBM 027 Extra"]
[Source "ChessBase"]
[SourceDate "1992.05.01"]
[SourceVersion "1"]
[SourceVersionDate "1992.05.01"]
[SourceQuality "1"]

1. Nf3 Nf6 2. g3 g6 3. Bg2 Bg7 4. c4 0-0 5. d4 d5 6. cxd5 Nxd5 7. 0-0 Nc6 8. Nc3 Nb6 9. e3 Bf5 10. b3 e5 11. Nxe5 Nxe5 12. dxe5 Bxe5 13. Bb2 c6 14. e4 Be6 15. Qc2 Bg7 16. Rad1 Qc8 17. f4 Bh3 18. e5 Bxg2 19. Kxg2 Rd8 20. Rxd8+ Qxd8 21. Rd1 Qe7 22. Ne4 Nd5 23. Qd2 Rd8 24. Qd4 a6 25. Kf2 Rd7 26. Rd2 Qe6 27. Nc5 Qh3 28. Nxd7 Qxh2+ 29. Kf3 Qh5+ 30. Kg2 1-0

[Event "Goodricke op 03rd"]
[Site "Kolkata"]
[Date "1992.??.??"]
[Round "4"]
[White "Saravanan, Venkat"]
[Black "Pavanasam, Ananchaperumal"]
[Result "1-0"]
[WhiteElo "2355"]
[BlackElo "2260"]
[PlyCount "89"]
[EventDate "1992.01.??"]
[EventType "swiss"]
[EventRounds "11"]
[EventCountry "IND"]
[SourceTitle "CBM 027 Extra"]
[Source "ChessBase"]
[SourceDate "1992.05.01"]
[SourceVersion "1"]
[SourceVersionDate "1992.05.01"]
[SourceQuality "1"]

1. e4 c5 2. Nf3 Nc6 3. d4 cxd4 4. Nxd4 e5 5. Nb5 d6 6. N1c3 a6 7. Na3 b5 8. Nd5 Nf6 9. Bg5 Qa5+ 10. Bd2 Qd8 11. Bg5 Qa5+ 12. Bd2 Qd8 13. Nxf6+ Qxf6 14. Bd3 Be7 15. 0-0 0-0 16. c4 Qg6 17. Be3 b4 18. Nc2 f5 19. exf5 Bxf5 20. Bxf5 Qxf5 21. Qd5+ Kh8 22. Rac1 Rac8 23. f3 Qg6 24. b3 a5 25. a4 bxa3 26. Nxa3 Rf5 27. Qe4 Nb4 28. Nb5 Rcf8 29. Kh1 Qe6 30. Nd4 exd4 31. Qxe6 Re5 32. Qg4 dxe3 33. Rc3 Bf6 34. Re1 Rg5 35. Qf4 Kg8 36. Rcxe3 Nc2 37. Qxd6 Nxe1 38. Rxe1 Bc3 39. Rc1 Bb4 40. c5 Re8 41. g3 Rge5 42. f4 Re2 43. Qd5+ Kh8 44. c6 Ba3 45. Rd1 1-0

[Event "IND-ch"]
[Site "India"]
[Date "1988.??.??"]
[Round "?"]
[White "Babu, N Sudhakar"]
[Black "Pavanasam, Ananchaperumal"]
[Result "0-1"]
[WhiteElo "2325"]
[BlackElo "2355"]
[PlyCount "58"]
[EventDate "1988.??.??"]
[EventType "tourn"]
[EventRounds "19"]
[EventCountry "IND"]
[EventCategory "4"]
[SourceTitle "EXT 1997"]
[Source "ChessBase"]
[SourceDate "1996.11.15"]
[SourceVersion "1"]
[SourceVersionDate "1996.11.15"]
[SourceQuality "1"]

1. d4 d5 2. c4 e6 3. Nc3 Be7 4. Nf3 Nf6 5. cxd5 exd5 6. Bg5 c6 7. Qc2 g6 8. e3 Bf5 9. Bd3 Bxd3 10. Qxd3 0-0 11. h4 Nbd7 12. Rh3 Re8 13. Nd2 c5 14. Kf1 cxd4 15. exd4 Nf8 16. Re3 Ne6 17. Re5 Nd7 18. Re3 Bxg5 19. hxg5 Qxg5 20. Rg3 Qd8 21. Nxd5 Nb6 22. Nxb6 Qxb6 23. Nb3 Nf4 24. Qc4 Rac8 25. Qa4 Qf6 26. Re1 Rxe1+ 27. Kxe1 Qe6+ 28. Kf1 Qxb3 29. Qe8+ Rxe8 0-1

[Event "IND-ch"]
[Site "India"]
[Date "1988.??.??"]
[Round "?"]
[White "Koshy, Varugeese"]
[Black "Pavanasam, Ananchaperumal"]
[Result "1-0"]
[WhiteElo "2330"]
[BlackElo "2355"]
[PlyCount "93"]
[EventDate "1988.??.??"]
[EventType "tourn"]
[EventRounds "19"]
[EventCountry "IND"]
[EventCategory "4"]
[SourceTitle "EXT 1997"]
[Source "ChessBase"]
[SourceDate "1996.11.15"]
[SourceVersion "1"]
[SourceVersionDate "1996.11.15"]
[SourceQuality "1"]

1. c4 Nf6 2. g3 d5 3. cxd5 Nxd5 4. Bg2 Nb6 5. Nf3 Nc6 6. 0-0 e5 7. Nc3 Be7 8. d3 Be6 9. Be3 0-0 10. Ne4 h6 11. Nc5 Bc8 12. Rc1 Nd5 13. Bd2 Re8 14. Qb3 Nb6 15. a4 a5 16. Rfe1 Bf8 17. Be3 Nd4 18. Nxd4 exd4 19. Bf4 c6 20. h3 Bxc5 21. Rxc5 Be6 22. Qa3 Qe7 23. Rec1 Bd5 24. Bf1 Qe6 25. Bd2 Nd7 26. Rxa5 Rxa5 27. Bxa5 Ra8 28. Bd2 b5 29. a5 c5 30. Rxc5 Nxc5 31. Qxc5 Rc8 32. Qxd4 Rc2 33. Be3 Bb7 34. b4 Qb3 35. Qf4 Bc6 36. a6 Ra2 37. Qg4 Kh7 38. Qf5+ g6 39. Qf6 Qd5 40. f3 Qe6 41. Qxe6 fxe6 42. a7 Kg7 43. f4 Kf7 44. Bb6 Ra6 45. Bg2 Bxg2 46. Kxg2 Ke7 47. g4 1-0

[Event "IND-ch"]
[Site "India"]
[Date "1988.??.??"]
[Round "?"]
[White "Pavanasam, Ananchaperumal"]
[Black "Ravi, Lanka"]
[Result "1/2-1/2"]
[WhiteElo "2355"]
[BlackElo "2320"]
[PlyCount "96"]
[EventDate "1988.??.??"]
[EventType "tourn"]
[EventRounds "19"]
[EventCountry "IND"]
[EventCategory "4"]
[SourceTitle "EXT 1997"]
[Source "ChessBase"]
[SourceDate "1996.11.15"]
[SourceVersion "1"]
[SourceVersionDate "1996.11.15"]
[SourceQuality "1"]

1. Nf3 b6 2. g3 Bb7 3. Bg2 g6 4. 0-0 c5 5. c4 Bg7 6. Nc3 Nf6 7. Rb1 0-0 8. d4 cxd4 9. Nxd4 Bxg2 10. Kxg2 d5 11. cxd5 Nxd5 12. Ndb5 Nxc3 13. Nxc3 Na6 14. Bg5 Bxc3 15. bxc3 Qxd1 16. Rfxd1 f6 17. Be3 Rfc8 18. Rb3 Kf7 19. Rd4 Nb8 20. Bd2 Nc6 21. Ra4 Na5 22. Rbb4 Rc7 23. f4 Rac8 24. Be1 f5 25. Rb1 Nc4 26. Bf2 a5 27. Rb3 Rc6 28. Rb5 Rd8 29. Bd4 Rd7 30. Kf2 e6 31. e3 Rd5 32. Rxc4 Rxc4 33. Rxb6 Ra4 34. Rb2 Ke8 35. Ke2 Kd7 36. Kd3 Kc8 37. Kc2 Rc4 38. Rb6 Kd7 39. Be5 Ke7 40. Rb7+ Rd7 41. Rb8 Rd5 42. Rb7+ Rd7 43. Rb8 Kf7 44. Rh8 h5 45. Kb3 Rc5 46. Rh7+ Ke8 47. Rh8+ Kf7 48. Rh7+ Ke8 1/2-1/2

[Event "Coimbatore"]
[Site "Coimbatore"]
[Date "1987.??.??"]
[Round "?"]
[White "Mithrakanth, Poorna Sharma"]
[Black "Pavanasam, Ananchaperumal"]
[Result "1/2-1/2"]
[WhiteElo "2310"]
[BlackElo "2360"]
[PlyCount "28"]
[EventDate "1987.12.??"]
[EventType "tourn"]
[EventRounds "13"]
[EventCountry "IND"]
[EventCategory "7"]
[SourceTitle "EXT 1997"]
[Source "ChessBase"]
[SourceDate "1996.11.15"]
[SourceVersion "1"]
[SourceVersionDate "1996.11.15"]
[SourceQuality "1"]

1. e4 c5 2. Nf3 Nc6 3. d4 cxd4 4. Nxd4 Nf6 5. Nc3 e5 6. Ndb5 d6 7. Bg5 a6 8. Na3 b5 9. Bxf6 gxf6 10. Nd5 f5 11. Qd3 Bg7 12. exf5 Nd4 13. g4 0-0 14. Qe4 Bb7 1/2-1/2

[Event "Coimbatore"]
[Site "Coimbatore"]
[Date "1987.??.??"]
[Round "?"]
[White "Pavanasam, Ananchaperumal"]
[Black "Anand, Viswanathan"]
[Result "1/2-1/2"]
[WhiteElo "2360"]
[BlackElo "2505"]
[PlyCount "156"]
[EventDate "1987.12.??"]
[EventType "tourn"]
[EventRounds "13"]
[EventCountry "IND"]
[EventCategory "7"]
[SourceTitle "EXT 1997"]
[Source "ChessBase"]
[SourceDate "1996.11.15"]
[SourceVersion "1"]
[SourceVersionDate "1996.11.15"]
[SourceQuality "1"]

1. Nf3 g6 2. d4 Bg7 3. g3 c5 4. Bg2 cxd4 5. Nxd4 Nc6 6. c3 Nf6 7. 0-0 0-0 8. Nd2 Nxd4 9. cxd4 d5 10. Nf3 Bf5 11. Bf4 Qb6 12. Qb3 Qa6 13. Rfc1 b6 14. Bf1 Bd7 15. Rc7 Rfc8 16. Rac1 Rxc7 17. Rxc7 e6 18. Ne5 Be8 19. Nc6 Bxc6 20. Rxc6 Qa5 21. Qc3 Qxc3 22. bxc3 Ne4 23. e3 g5 24. Bc7 Nd2 25. Ba6 Bf8 26. g4 Re8 27. Kg2 f6 28. f3 Nc4 29. Bxc4 dxc4 30. Bd6 Bxd6 31. Rxd6 b5 32. Kf2 Kf7 33. Ra6 Re7 34. a4 bxa4 35. Rxa4 Rc7 36. e4 Ke7 37. Ke3 Kd7 38. Ra6 Rb7 39. d5 e5 40. Rc6 a5 41. Rxc4 Ra7 42. Kd2 a4 43. Kc2 a3 44. Kb1 a2+ 45. Ka1 Ra3 46. Rc6 Ke7 47. c4 Rxf3 48. Kxa2 Re3 49. c5 Rxe4 50. Re6+ Kd8 51. Rxf6 Rd4 52. Rd6+ Kc7 53. Kb3 Rd1 54. Rc6+ Kd7 55. Rd6+ Kc7 56. Kc2 Rd4 57. Kc3 Rd1 58. h3 Rc1+ 59. Kb4 Rb1+ 60. Ka3 Rd1 61. Kb3 Rd4 62. Kc3 Rd1 63. Rc6+ Kd7 64. Rh6 Rxd5 65. Kc4 Rd4+ 66. Kb5 e4 67. c6+ Kd8 68. Rxh7 e3 69. Rh8+ Kc7 70. Re8 Rd5+ 71. Kc4 Kxc6 72. Re6+ Rd6 73. Rxe3 Rd1 74. Re5 Rh1 75. Kd4 Kd6 76. Rxg5 Rxh3 77. Ke4 Ke6 78. Rf5 Rh1 1/2-1/2

[Event "Coimbatore"]
[Site "Coimbatore"]
[Date "1987.??.??"]
[Round "?"]
[White "Pavanasam, Ananchaperumal"]
[Black "Lukacs, Peter"]
[Result "1/2-1/2"]
[WhiteElo "2360"]
[BlackElo "2520"]
[PlyCount "106"]
[EventDate "1987.12.??"]
[EventType "tourn"]
[EventRounds "13"]
[EventCountry "IND"]
[EventCategory "7"]
[SourceTitle "EXT 1997"]
[Source "ChessBase"]
[SourceDate "1996.11.15"]
[SourceVersion "1"]
[SourceVersionDate "1996.11.15"]
[SourceQuality "1"]

1. Nf3 d5 2. g3 Nf6 3. Bg2 c6 4. 0-0 Bg4 5. c4 e6 6. Qb3 Qb6 7. d3 Nbd7 8. Be3 Bc5 9. d4 Be7 10. c5 Qxb3 11. axb3 0-0 12. Nc3 Bxf3 13. Bxf3 b6 14. cxb6 axb6 15. Rac1 c5 16. Rfd1 Rfc8 17. Nb5 h6 18. Bd2 cxd4 19. Nxd4 Nc5 20. b4 Nce4 21. Nc6 Bc5 22. bxc5 Rxc6 23. cxb6 Rxb6 24. Rc2 Nxd2 25. Rdxd2 Rab8 26. Kg2 Rb4 27. e3 Nd7 28. Bd1 Nb6 29. Be2 Na4 30. Rc7 Rxb2 31. Rxb2 Nxb2 32. h4 g6 33. f4 Kg7 34. g4 Rb3 35. Kf2 Na4 36. Bd1 Rc3 37. Rxc3 Nxc3 38. Bc2 Kf8 39. Ke1 Ke7 40. Kd2 Nb5 41. Bd3 Na7 42. e4 Nc6 43. exd5 exd5 44. Ke3 Kd6 45. g5 hxg5 46. hxg5 Ne7 47. Bb5 Nf5+ 48. Kd3 Kc5 49. Be8 Nd6 50. Bd7 d4 51. Ba4 Nb7 52. Bb3 Nd8 53. Ba2 Ne6 1/2-1/2

[Event "Coimbatore"]
[Site "Coimbatore"]
[Date "1987.??.??"]
[Round "?"]
[White "Thipsay, Praveen Mahadeo"]
[Black "Pavanasam, Ananchaperumal"]
[Result "1-0"]
[WhiteElo "2420"]
[BlackElo "2360"]
[PlyCount "77"]
[EventDate "1987.12.??"]
[EventType "tourn"]
[EventRounds "13"]
[EventCountry "IND"]
[EventCategory "7"]
[SourceTitle "EXT 1997"]
[Source "ChessBase"]
[SourceDate "1996.11.15"]
[SourceVersion "1"]
[SourceVersionDate "1996.11.15"]
[SourceQuality "1"]

1. e4 c5 2. Nc3 Nc6 3. g3 g6 4. Bg2 Bg7 5. d3 d6 6. f4 e6 7. Nf3 Nge7 8. 0-0 0-0 9. Be3 Nd4 10. Rb1 Nec6 11. Ne2 Nxf3+ 12. Bxf3 Nd4 13. Bg2 f5 14. c3 Nxe2+ 15. Qxe2 Rb8 16. e5 b6 17. d4 cxd4 18. Bxd4 Bb7 19. Rbd1 Bxg2 20. Qxg2 d5 21. c4 Rc8 22. cxd5 Qxd5 23. Qxd5 exd5 24. Rf2 Rfd8 25. Rfd2 Rc7 26. Bf2 Rcd7 27. Rc2 d4 28. Rd3 Bf8 29. Rc4 Kf7 30. Kg2 Ke6 31. Rdxd4 Rxd4 32. Bxd4 b5 33. Rc6+ Kd5 34. Rc2 Rd7 35. Kf3 a5 36. Ke3 a4 37. Kd3 Be7 38. Rc8 Bb4 39. Rb8 1-0

[Event "Coimbatore"]
[Site "Coimbatore"]
[Date "1987.??.??"]
[Round "?"]
[White "Vasiukov, Evgeni"]
[Black "Pavanasam, Ananchaperumal"]
[Result "1/2-1/2"]
[WhiteElo "2490"]
[BlackElo "2360"]
[PlyCount "252"]
[EventDate "1987.12.??"]
[EventType "tourn"]
[EventRounds "13"]
[EventCountry "IND"]
[EventCategory "7"]
[SourceTitle "EXT 1997"]
[Source "ChessBase"]
[SourceDate "1996.11.15"]
[SourceVersion "1"]
[SourceVersionDate "1996.11.15"]
[SourceQuality "1"]

1. e4 c5 2. Nf3 Nc6 3. Bb5 g6 4. 0-0 Bg7 5. Re1 e5 6. Bxc6 dxc6 7. d3 Ne7 8. Nbd2 0-0 9. Nc4 f6 10. Be3 b6 11. a4 a5 12. b4 axb4 13. a5 bxa5 14. Bxc5 Be6 15. Nfd2 Bh6 16. Nb3 a4 17. Nb6 Rb8 18. Nxa4 Rf7 19. Qe2 Nc8 20. d4 Bxb3 21. cxb3 exd4 22. Rad1 Rd7 23. Bxd4 Bg7 24. Nc5 Rd6 25. Be3 Rb5 26. Ne6 Qe7 27. Nxg7 Kxg7 28. h3 Re6 29. f3 Nd6 30. Ra1 Nf7 31. Ra7 Rb7 32. Rea1 Rd6 33. R7a6 Qe5 34. Rc1 Rbd7 35. Raxc6 Rd3 36. Rb1 Ng5 37. Bxg5 fxg5 38. Rc2 h5 39. Qe1 R7d4 40. Re2 Rc3 41. Rd2 g4 42. hxg4 hxg4 43. fxg4 Qxe4 44. Qxe4 Rxe4 45. g5 Rf4 46. Rd7+ Kg8 47. Rb7 Rg3 48. Rb5 Rc3 49. Rb2 Kg7 50. Rb7+ Kg8 51. Kh2 Rh4+ 52. Kg1 Rf4 53. Ra2 Rxb3 54. Ra8+ Rf8 55. Ra6 Rf7 56. Rxg6+ Kh7 57. Rh6+ Kg7 58. Rb5 Rb2 59. Rd6 Rff2 60. Rb7+ Rf7 61. Rbb6 Rff2 62. Kh1 b3 63. g6 Rbd2 64. Rb7+ Kg8 65. Rxd2 Rxd2 66. Rxb3 Kg7 67. Rb6 Rd5 68. Kh2 Rg5 69. Kh3 Kh6 70. g3 Rf5 71. Kg4 Rf1 72. Re6 Rf2 73. Ra6 Rf1 74. g7+ Kxg7 75. Kg5 Rf7 76. Rg6+ Kh7 77. Rf6 Rg7+ 78. Kh4 Ra7 79. Kh5 Ra5+ 80. Kg4 Kg7 81. Re6 Kf7 82. Rd6 Kg7 83. Kf4 Kf7 84. Ke4 Rg5 85. Kf3 Rf5+ 86. Kg4 Ra5 87. Rd7+ Kg6 88. Rd6+ Kf7 89. Rb6 Kg7 90. Kh4 Ra4+ 91. g4 Ra5 92. Rb7+ Kg6 93. Rb6+ Kg7 94. Rc6 Rb5 95. Rc7+ Kg6 96. Rc6+ Kg7 97. Ra6 Rc5 98. Ra1 Kg6 99. Ra8 Kg7 100. Rb8 Ra5 101. Rb4 Kg6 102. Rb7 Rc5 103. Ra7 Rb5 104. Ra6+ Kg7 105. Kg3 Rb3+ 106. Kh4 Rb5 107. Re6 Ra5 108. Kg3 Kf7 109. Rd6 Kg7 110. Kf4 Ra4+ 111. Kf5 Ra5+ 112. Ke4 Rg5 113. Kf4 Ra5 114. Re6 Ra4+ 115. Kf5 Ra5+ 116. Re5 Ra7 117. Kg5 Rb7 118. Kh5 Ra7 119. Rg5+ Kh7 120. Rb5 Kg7 121. g5 Rc7 122. Ra5 Rb7 123. Ra6 Rc7 124. Rg6+ Kh7 125. Ra6 Kg7 126. Ra8 Rb7 1/2-1/2